Banking on Baghdad : Inside Iraq's 7,000-year history of war, profit and conflict

In Banking on Baghdad, New York Times and international bestselling author Edwin Black chronicles the dramatic and tragic history of a land long the center of world commerce and conflict. Tracing the involvement of Western governments and militaries, as well as oil, banking, and other corporate inte...

وصف كامل

محفوظ في:
التفاصيل البيبلوغرافية
المؤلف الرئيسي: Black, Edwin
التنسيق: كتاب
اللغة:Undetermined
منشور في: Hoboken, N.J. John Wiley & Sons, Inc. 2004
الموضوعات:
الوسوم: إضافة وسم
لا توجد وسوم, كن أول من يضع وسما على هذه التسجيلة!
Thư viện lưu trữ: Trung tâm Học liệu Trường Đại học Cần Thơ
LEADER 01148nam a2200217Ia 4500
001 CTU_137648
008 210402s9999 xx 000 0 und d
020 |c 27.95 
082 |a 956.70443 
082 |b B627 
100 |a Black, Edwin 
245 0 |a Banking on Baghdad : 
245 0 |b Inside Iraq's 7,000-year history of war, profit and conflict 
245 0 |c Edwin Black 
260 |a Hoboken, N.J. 
260 |b John Wiley & Sons, Inc. 
260 |c 2004 
520 |a In Banking on Baghdad, New York Times and international bestselling author Edwin Black chronicles the dramatic and tragic history of a land long the center of world commerce and conflict. Tracing the involvement of Western governments and militaries, as well as oil, banking, and other corporate interests, Black pinpoints why today, just as throughout modern history, the world nedds Iraq's resources - and remains determined to acquire and protect them. The book almost painfully documents the many ways Iraq's recent history mirrors its tumultuous past. 
650 |a Iraq,Nước Iarq 
904 |i Giang 
980 |a Trung tâm Học liệu Trường Đại học Cần Thơ